[Event "Three Continents Championship"]
[Site "SchemingMind.com"]
[Date "2013.01.10"]
[Round "-"]
[White "Ezedoke"]
[Black "Aadsje"]
[Result "1-0"]
[WhiteCountry "ARG"]
[BlackCountry "NED"]
[WhiteElo "2325"]
[WhiteRD "65"]
[BlackElo "2295"]
[BlackRD "63"]
[GameID "324789"]

1. e4 c6 2. d4 d5 3. e5 Bf5 4. Be2 e6 5. Nf3 Nd7 6. O-O a6 7. Be3 Ne7 8. Nbd2 h6 9. Rc1 Bh7 10. Nb3 Nf5
11. Bd2 a5 12. a4 Be7 13. Re1 O-O 14. c4 dxc4 15. Bxc4 Bg6 16. Bd3 Qb6 17. Bc3 Bh5 18. Nbd2 Nh4 19. Be2 Nxf3+ 20. Bxf3 Bxf3
21. Qxf3 Rfd8 22. Nc4 Qc7 23. Qg4 Nf8 24. Red1 Ng6 25. Qe4 Nh4 26. f4 h5 27. h3 Nf5 28. g4 Nh6 29. Ne3 Qd7 30. Qf3 b6
31. Rc2 Ra7 32. Rg2 Qe8 33. gxh5 Bf8 34. Kh2 Nf5 35. Nxf5 exf5 36. Be1 Be7 37. Bf2 Kh8 38. Rdg1 Bf8 39. Bh4 Rc8 40. Bf6
1-0

[Event "Three Continents Championship"]
[Site "SchemingMind.com"]
[Date "2013.01.09"]
[Round "-"]
[White "Ezedoke"]
[Black "rookie31"]
[Result "1-0"]
[WhiteCountry "ARG"]
[BlackCountry "IND"]
[WhiteElo "2215"]
[WhiteRD "72"]
[BlackElo "2178"]
[BlackRD "60"]
[GameID "324790"]

1. e4 c6 2. d4 d5 3. e5 Bf5 4. Nf3 e6 5. Be2 Nd7 6. O-O Ne7 7. c3 Bg6 8. Nh4 Nf5 9. Nxg6 hxg6 10. Nd2 f6
11. Nf3 Qc7 12. Bf4 g5 13. Bxg5 O-O-O 14. g4 Nh6 15. Bh4 Nxg4 16. Bg3 Qb6 17. c4 Re8 18. exf6 gxf6 19. cxd5 exd5 20. Bd3 Nh6
21. Re1 Re7 22. Rb1 Rxe1+ 23. Qxe1 Bb4 24. Qe3
1-0

[Event "Three Continents Championship"]
[Site "SchemingMind.com"]
[Date "2013.01.13"]
[Round "-"]
[White "Ezedoke"]
[Black "GBEDARD"]
[Result "1-0"]
[WhiteCountry "ARG"]
[BlackCountry "USA"]
[WhiteElo "2305"]
[WhiteRD "63"]
[BlackElo "2260"]
[BlackRD "72"]
[GameID "324791"]

1. e4 g6 2. d4 Bg7 3. c4 d6 4. Nc3 Nf6 5. f3 O-O 6. Be3 c5 7. Nge2 Nc6 8. d5 Ne5 9. Ng3 e6 10. Be2 exd5
11. cxd5 a6 12. a4 Bd7 13. O-O b5 14. h3 Nc4 15. Bxc4 bxc4 16. Qe2 Rb8 17. Rab1 Rb4 18. e5 Nh5 19. Nxh5 gxh5 20. exd6 Re8
21. Kh1 Qb8 22. Rfc1 Qxd6 23. Ne4 Qxd5 24. Rd1 Qc6 25. Rd6 Qc7 26. Rd5 Bxa4 27. Bxc5 Rbb8 28. Rg5 Qd8 29. Rxg7+ Kxg7 30. Qf2 f6
31. Ra1 Bb5 32. Bd4 Re6 33. Rd1 Kf7 34. Qh4 Qd5 35. Nxf6 Qf5 36. Ne4 Rg6 37. Bc3 Kg8 38. Nf6+ Kf7 39. Rd5 Qc2 40. Ng4 Re8
41. Nh6+ Ke6 42. Rd2 Qc1+ 43. Kh2 Rxh6 44. Qe4+ Kf7 45. Qf4+
1-0

[Event "Three Continents Championship"]
[Site "SchemingMind.com"]
[Date "2013.01.09"]
[Round "-"]
[White "Ezedoke"]
[Black "Olli Ylönen"]
[Result "1-0"]
[WhiteCountry "ARG"]
[BlackCountry "FIN"]
[WhiteElo "2305"]
[WhiteRD "63"]
[BlackElo "1841"]
[BlackRD "55"]
[GameID "324792"]

1. e4 e5 2. Nf3 Nc6 3. Bb5 a6 4. Ba4 Nf6 5. O-O Be7 6. Re1 b5 7. Bb3 d6 8. c3 O-O 9. h3 Bb7 10. d4 Re8
11. Nbd2 Bf8 12. a4 h6 13. Bc2 exd4 14. cxd4 Nb4 15. Bb1 c5 16. d5 Nd7 17. Ra3 c4 18. axb5 axb5 19. Nd4 Qb6 20. Nf5 Ne5
21. Rg3 g6 22. Nf3 Ned3 23. Be3 Qd8 24. Bxh6 Qf6 25. Qd2 Nxe1 26. Bxf8 Nxf3+ 27. Rxf3 gxf5 28. Rxf5 Qg6 29. Rg5 Qxg5 30. Qxg5+ Kxf8
31. Qh6+ Kg8 32. e5 Nd3 33. Qg5+ Kh7 34. Qf5+ Kg8 35. exd6 Re1+ 36. Kh2 Rxb1 37. Qg5+ Kh7 38. Qf6 Kg8 39. d7 Rxb2 40. d8=Q+ Rxd8
41. Qxd8+ Kg7 42. d6 Rxf2 43. Qg5+ Kh7 44. d7 Rxg2+ 45. Qxg2 Bxg2 46. d8=Q Be4 47. Qh4+
1-0

[Event "Three Continents Championship"]
[Site "SchemingMind.com"]
[Date "2013.01.11"]
[Round "-"]
[White "Oskyrain"]
[Black "Ezedoke"]
[Result "1/2-1/2"]
[WhiteCountry "ARG"]
[BlackCountry "ARG"]
[WhiteElo "2417"]
[WhiteRD "93"]
[BlackElo "2325"]
[BlackRD "65"]
[GameID "324793"]

1. c4 Nf6 2. Nc3 e6 3. d4 Bb4 4. Qc2 O-O 5. Nf3 c5 6. dxc5 Na6 7. g3 Nxc5 8. Bg2 Bxc3+ 9. Qxc3 b6 10. O-O Bb7
11. Bf4 d5 12. Rfd1 Qe7 13. Qa3 Rfd8 14. Ne5 dxc4 15. Rxd8+ Qxd8 16. Bxb7 Nxb7 17. Nxc4 Nd5 18. Bd2 h6 19. Rc1 Nc5 20. f3 Rc8
21. b4 Nd7 22. Kg2 b5 23. Na5 N7b6 24. Nc6 Qf6 25. Rc5 Na4 26. Nxa7 Rxc5 27. bxc5 Qa1 28. Nxb5 Qd1 29. Kf2 Qxd2 30. Qxa4 Qe3+=
1/2-1/2

[Event "Three Continents Championship"]
[Site "SchemingMind.com"]
[Date "2013.01.09"]
[Round "-"]
[White "Derek Price"]
[Black "Ezedoke"]
[Result "0-1"]
[WhiteCountry "ENG"]
[BlackCountry "ARG"]
[WhiteElo "2289"]
[WhiteRD "80"]
[BlackElo "2215"]
[BlackRD "72"]
[GameID "324794"]

1. d4 Nf6 2. c4 e6 3. g3 d5 4. Bg2 Bb4+ 5. Bd2 Be7 6. Nf3 O-O 7. O-O c6 8. Qc2 Nbd7 9. Rd1 b6 10. b3 Ba6
11. a4 c5 12. Na3 Bb7 13. Qb2 Ne4 14. Be1 f5 15. e3 a6 16. Nb1 Bf6 17. Nc3 Rc8 18. a5 Qc7 19. cxd5 Nxc3 20. Bxc3 Bxd5
21. axb6 Qxb6 22. Ne5 Bxg2 23. Nxd7 Qb7 24. Nxf8 Qf3
0-1

[Event "Three Continents Championship"]
[Site "SchemingMind.com"]
[Date "2013.01.13"]
[Round "-"]
[White "smothered mate"]
[Black "Ezedoke"]
[Result "0-1"]
[WhiteCountry "POL"]
[BlackCountry "ARG"]
[WhiteElo "1979"]
[WhiteRD "59"]
[BlackElo "2377"]
[BlackRD "67"]
[GameID "324795"]

1. e4 c5 2. Nf3 Nc6 3. d4 cxd4 4. Nxd4 Nf6 5. Nc3 e5 6. Ndb5 d6 7. Bg5 a6 8. Na3 b5 9. Nd5 Be7 10. Bxf6 Bxf6
11. c4 b4 12. Nc2 a5 13. g3 O-O 14. Bg2 g6 15. O-O Bg7 16. Qd3 Rb8 17. b3 Be6 18. Rad1 Rb7 19. Nce3 a4 20. bxa4 Qa8
21. Qb3 Nd4 22. Rxd4 exd4 23. Nc2 Bxd5 24. exd5 d3 25. Nxb4 d2 26. Rd1 Qe8 27. a3 Qe1+ 28. Bf1 Bc3 29. Qc2 Re8 30. Nd3 Qxd1
31. Qxd1 Re1
0-1

[Event "Three Continents Championship"]
[Site "SchemingMind.com"]
[Date "2013.01.09"]
[Round "-"]
[White "jrsanpedro"]
[Black "Ezedoke"]
[Result "0-1"]
[WhiteCountry "ARG"]
[BlackCountry "ARG"]
[WhiteElo "2155"]
[WhiteRD "65"]
[BlackElo "2305"]
[BlackRD "63"]
[GameID "324796"]

1. d4 Nf6 2. c4 e6 3. Nc3 Bb4 4. Bg5 c5 5. d5 h6 6. Bh4 Bxc3+ 7. bxc3 d6 8. e3 e5 9. f3 e4 10. f4 g5
11. Bg3 Qe7 12. Nh3 Bxh3 13. gxh3 Nbd7 14. Rb1 gxf4 15. Bxf4 Ne5 16. Be2 O-O-O 17. Rf1 Nf3+ 18. Bxf3 exf3 19. Qxf3 Ne4 20. Rb3 f5
21. Kd1 Qf6 22. Kc2 Rdf8 23. Rg1 Rhg8 24. Bg3 Qg6 25. h4 Qe8 26. Ra3 a6 27. Rg2 Rg4 28. Be1 Rxg2+ 29. Qxg2 Rg8 30. Qf1 Qg6
31. h3 Qg2+ 32. Qxg2 Rxg2+ 33. Kd1 h5 34. Rb3 Rxa2
0-1

[Event "Three Continents Championship"]
[Site "SchemingMind.com"]
[Date "2013.01.10"]
[Round "-"]
[White "Aadsje"]
[Black "Ezedoke"]
[Result "1/2-1/2"]
[WhiteCountry "NED"]
[BlackCountry "ARG"]
[WhiteElo "2303"]
[WhiteRD "59"]
[BlackElo "2305"]
[BlackRD "63"]
[GameID "324797"]

1. Nf3 Nf6 2. c4 e6 3. Nc3 d5 4. d4 c6 5. e3 Nbd7 6. Qc2 Bd6 7. Bd3 O-O 8. O-O dxc4 9. Bxc4 b5 10. Bd3 Bb7
11. Rd1 b4 12. Na4 c5 13. dxc5 Rc8 14. Qe2 Nxc5 15. Nxc5 Rxc5 16. Bd2 Qa8 17. e4 Rh5 18. Re1 a5 19. h3 Rd8 20. Bg5 h6
21. Bxf6 gxf6 22. Rad1 f5 23. Bb1 fxe4 24. Nd2 Re5 25. Nc4 Ba6 26. Bxe4 Rxe4 27. Qxe4 Qxe4 28. Rxe4=
1/2-1/2

[Event "Three Continents Championship"]
[Site "SchemingMind.com"]
[Date "2013.01.09"]
[Round "-"]
[White "rookie31"]
[Black "Ezedoke"]
[Result "0-1"]
[WhiteCountry "IND"]
[BlackCountry "ARG"]
[WhiteElo "2178"]
[WhiteRD "60"]
[BlackElo "2215"]
[BlackRD "72"]
[GameID "324798"]

1. d4 Nf6 2. c4 e6 3. Nf3 b6 4. g3 Ba6 5. b3 Bb4+ 6. Bd2 Be7 7. Bg2 c6 8. O-O d5 9. Qc2 Nbd7 10. Bg5 O-O
11. Nbd2 h6 12. Be3 c5 13. Rfd1 Rc8 14. dxc5 bxc5 15. Nf1 d4 16. Bc1 Qb6 17. e3 e5 18. Nh4 Rfe8 19. e4 Bb7 20. Nf5 Bf8
21. a3 a5 22. Rb1 Qe6 23. f3 a4 24. Bh3 Qa6
0-1

[Event "Three Continents Championship"]
[Site "SchemingMind.com"]
[Date "2013.01.13"]
[Round "-"]
[White "GBEDARD"]
[Black "Ezedoke"]
[Result "1/2-1/2"]
[WhiteCountry "USA"]
[BlackCountry "ARG"]
[WhiteElo "2260"]
[WhiteRD "72"]
[BlackElo "2305"]
[BlackRD "63"]
[GameID "324799"]

1. e4 e5 2. Nf3 Nc6 3. Bb5 a6 4. Ba4 Nf6 5. O-O Be7 6. Re1 b5 7. Bb3 O-O 8. c3 d5 9. exd5 Nxd5 10. Nxe5 Nxe5
11. Rxe5 c6 12. d4 Bd6 13. Re1 Qh4 14. g3 Qh3 15. Be3 Bg4 16. Qd3 Rae8 17. Nd2 Re6 18. Qf1 Qh5 19. f3 Nxe3 20. Qf2 Nd5
21. fxg4 Qxg4 22. Qf3 Qg6 23. Rxe6 fxe6 24. Qe4 Bxg3 25. Qxg6 Bf2+ 26. Kg2 hxg6 27. Nf3 g5 28. Kxf2 g4 29. Bd1 gxf3 30. Bxf3 b4
31. Rc1 bxc3 32. bxc3 Rf4 33. Kg3 g5 34. a4 Kf7 35. a5 c5 36. Be2 cxd4 37. cxd4 Rxd4 38. Bxa6 Ra4 39. Rc5 Kf6 40. Bb7 Nf4
41. Kf3 Nd3 42. Rb5 Ne5+ 43. Kf2 Ra2+ 44. Kg3 Ra3+ 45. Kf2 Ra2+=
1/2-1/2

[Event "Three Continents Championship"]
[Site "SchemingMind.com"]
[Date "2013.01.09"]
[Round "-"]
[White "Olli Ylönen"]
[Black "Ezedoke"]
[Result "0-1"]
[WhiteCountry "FIN"]
[BlackCountry "ARG"]
[WhiteElo "1841"]
[WhiteRD "55"]
[BlackElo "2305"]
[BlackRD "63"]
[GameID "324800"]

1. e4 c5 2. Nf3 Nc6 3. d4 cxd4 4. Nxd4 Nf6 5. Nc3 e5 6. Ndb5 d6 7. Bg5 a6 8. Na3 b5 9. Bxf6 gxf6 10. Nd5 f5
11. c3 Bg7 12. exf5 Bxf5 13. Nc2 O-O 14. Nce3 Be6 15. Bd3 f5 16. Qh5 e4 17. Bc2 Ne7 18. Rd1 b4 19. cxb4 Nxd5 20. Nxd5 Bxb2
21. O-O Be5 22. Bb3 Kh8 23. Qh6 Bf7 24. Rc1 Rg8 25. f4 exf3 26. Rxf3 Rg4 27. Rh3 Rg7 28. Rc7 Qe8 29. Re7 Bd4+ 30. Kh1 Qb5
31. Ne3 Qe2 32. g4 Rc8 33. Bd1 Qxd1+ 34. Kg2 Rc2+ 35. Kg3 Rxg4+ 36. Nxg4 Qxg4#
0-1

[Event "Three Continents Championship"]
[Site "SchemingMind.com"]
[Date "2013.01.11"]
[Round "-"]
[White "Jorge Anibal DEKMAK"]
[Black "Oskyrain"]
[Result "0-1"]
[WhiteCountry "ARG"]
[BlackCountry "ARG"]
[WhiteElo "2284"]
[WhiteRD "86"]
[BlackElo "2475"]
[BlackRD "83"]
[GameID "324815"]

1. e4 c5 2. Nf3 d6 3. d4 cxd4 4. Nxd4 Nf6 5. Nc3 a6 6. Be2 e5 7. Nb3 Be7 8. O-O O-O 9. Kh1 Nc6 10. f4 h6
11. Be3 a5 12. Bb5 Bg4 13. Qe1 Nb4 14. Rc1 d5 15. a3 d4 16. axb4 dxc3 17. Qxc3 exf4 18. Bxf4 axb4 19. Qe1 Nh5 20. Be3 Ra2
21. Ra1 Rxa1 22. Nxa1 Nf6 23. e5 Nd7 24. Qg3 Qa5 25. Bxd7 Qa6 26. Kg1 Bxd7 27. Nb3 Rd8 28. h3 Qc6 29. Rf2 Bc8 30. Kh1 Rd1+
31. Kh2 Bf8 32. Nd4 Qe4 33. Nb3 Be6 34. Nd4 Bd7 35. Nb3 g5 36. Nd2 Qxc2 37. Qf3 Be6 38. Ne4 Qd3 39. Nf6+ Kh8 40. Qe2 b3
41. Qxd3 Rxd3 42. Bb6 Rd1 43. Ng4 Kh7 44. Kg3 Re1 45. Nf6+ Kg6 46. Bd4 Bb4 47. Kf3 h5 48. g4 h4 49. Re2 Rh1 50. Kg2 Rd1
51. Be3 Ba5 52. Bf2 Bc4 53. Re4 Bb5
0-1

[Event "Three Continents Championship"]
[Site "SchemingMind.com"]
[Date "2013.01.10"]
[Round "-"]
[White "Jorge Anibal DEKMAK"]
[Black "Derek Price"]
[Result "1/2-1/2"]
[WhiteCountry "ARG"]
[BlackCountry "ENG"]
[WhiteElo "2340"]
[WhiteRD "103"]
[BlackElo "2263"]
[BlackRD "74"]
[GameID "324816"]

1. e4 c5 2. Nf3 d6 3. d4 cxd4 4. Nxd4 Nf6 5. Nc3 a6 6. Be2 e6 7. O-O Be7 8. f4 O-O 9. Kh1 Qc7 10. a4 Nc6
11. Be3 Re8 12. Bf3 Bf8 13. Nb3 b6 14. a5 bxa5 15. e5 dxe5 16. fxe5 Rd8 17. Nd4 Nxd4 18. Bxd4 Bb7 19. exf6 e5 20. Nd5 Bxd5
21. fxg7 Bxg7 22. Bb6 Qxb6 23. Bxd5 Ra7=
1/2-1/2

[Event "Three Continents Championship"]
[Site "SchemingMind.com"]
[Date "2013.01.13"]
[Round "-"]
[White "Jorge Anibal DEKMAK"]
[Black "smothered mate"]
[Result "1-0"]
[WhiteCountry "ARG"]
[BlackCountry "POL"]
[WhiteElo "2334"]
[WhiteRD "82"]
[BlackElo "1979"]
[BlackRD "59"]
[GameID "324817"]

1. e4 c5 2. Nf3 d6 3. d4 cxd4 4. Nxd4 Nf6 5. Nc3 g6 6. Be3 Bg7 7. Bc4 a6 8. f3 Nbd7 9. Qd2 b5 10. Bb3 Bb7
11. a4 b4 12. Na2 a5 13. c3 Nc5 14. cxb4 axb4 15. Nxb4 Nfxe4 16. fxe4 Nxe4 17. Qc2 e5 18. Bxf7+ Kxf7 19. O-O+ Bf6 20. Ndc6
1-0

[Event "Three Continents Championship"]
[Site "SchemingMind.com"]
[Date "2013.01.13"]
[Round "-"]
[White "Jorge Anibal DEKMAK"]
[Black "jrsanpedro"]
[Result "1-0"]
[WhiteCountry "ARG"]
[BlackCountry "ARG"]
[WhiteElo "2383"]
[WhiteRD "92"]
[BlackElo "2177"]
[BlackRD "61"]
[GameID "324818"]

1. e4 c5 2. Nf3 d6 3. d4 cxd4 4. Nxd4 Nf6 5. Nc3 a6 6. Be2 e5 7. Nb3 Be7 8. O-O O-O 9. Be3 Be6 10. f4 Qc7
11. a4 Nbd7 12. Kh1 Bc4 13. a5 Rac8 14. Bxc4 Qxc4 15. Ra4 Qc7 16. g4 exf4 17. Bxf4 Ne5 18. g5 Nfd7 19. Nd4 Qd8 20. Nd5 g6
21. Rb4 Bxg5 22. Bxg5 Qxg5 23. Rxb7 Rb8 24. Nf3
1-0

[Event "Three Continents Championship"]
[Site "SchemingMind.com"]
[Date "2013.01.10"]
[Round "-"]
[White "Jorge Anibal DEKMAK"]
[Black "Aadsje"]
[Result "1/2-1/2"]
[WhiteCountry "ARG"]
[BlackCountry "NED"]
[WhiteElo "2383"]
[WhiteRD "92"]
[BlackElo "2295"]
[BlackRD "63"]
[GameID "324819"]

1. e4 e6 2. d4 d5 3. Nc3 dxe4 4. Nxe4 Nd7 5. Nf3 Ngf6 6. Bg5 h6 7. Nxf6+ Nxf6 8. Bh4 c5 9. Bc4 Be7 10. Qe2 O-O
11. Rd1 Qb6 12. c3 Rd8 13. O-O Bd7 14. dxc5 Qxc5 15. Ne5 Be8 16. Bd3 Bd6 17. Ng4 Nxg4 18. Qxg4 g5 19. Bg3 Bxg3 20. Qxg3 Rac8
21. Rfe1 Rd5 22. Be4 Rxd1 23. Rxd1 Qc7 24. Qd3 f5=
1/2-1/2

[Event "Three Continents Championship"]
[Site "SchemingMind.com"]
[Date "2013.01.10"]
[Round "-"]
[White "Jorge Anibal DEKMAK"]
[Black "rookie31"]
[Result "1-0"]
[WhiteCountry "ARG"]
[BlackCountry "IND"]
[WhiteElo "2334"]
[WhiteRD "82"]
[BlackElo "2176"]
[BlackRD "59"]
[GameID "324820"]

1. e4 c6 2. d4 d5 3. Nc3 dxe4 4. Nxe4 Bf5 5. Ng3 Bg6 6. h4 h6 7. Nf3 e6 8. Ne5 Bh7 9. Bd3 Bxd3 10. Qxd3 Nd7
11. f4 Be7 12. Nh5 Bxh4+ 13. g3 Bf6 14. Bd2 Qe7 15. Qb3 Bxe5 16. fxe5 g6 17. Nf4 Nb6 18. O-O-O Qd7 19. Ba5 Nd5 20. Ne2 Rh7
21. Kb1 b6 22. Bd2 O-O-O 23. c4 Nde7 24. Bg5 Qc7 25. Nc3 Kb8 26. Ne4 Qb7 27. Ka1 Rd7 28. g4 Nc8 29. Bf6 Ka8 30. Rh3 Qa6
31. Qc2 Qb7 32. Rb3
1-0

[Event "Three Continents Championship"]
[Site "SchemingMind.com"]
[Date "2013.01.13"]
[Round "-"]
[White "Jorge Anibal DEKMAK"]
[Black "GBEDARD"]
[Result "1-0"]
[WhiteCountry "ARG"]
[BlackCountry "USA"]
[WhiteElo "2383"]
[WhiteRD "92"]
[BlackElo "2269"]
[BlackRD "71"]
[GameID "324821"]

1. e4 g6 2. d4 Bg7 3. Nc3 d6 4. Nf3 Nf6 5. Be2 O-O 6. O-O Bg4 7. Be3 Nc6 8. Qd2 e5 9. d5 Ne7 10. Rad1 Bd7
11. Ne1 Ng4 12. Bxg4 Bxg4 13. f3 Bd7 14. f4 exf4 15. Bxf4 f5 16. Nf3 fxe4 17. Nxe4 Nf5 18. Rde1 h6 19. c4 b5 20. c5 g5
21. Nfxg5 hxg5 22. Bxg5 Qc8 23. c6 Be8 24. g4 Nh6 25. Rxf8+ Kxf8 26. Qf4+ Nf7 27. Be7+ Kg8 28. Nf6+ Bxf6 29. Bxf6 Bxc6 30. dxc6 Qf8
31. Re7 Qh6 32. Qxh6 Nxh6 33. g5 Ng4 34. Rxc7 Nxf6 35. gxf6 Kf8 36. Rh7
1-0

[Event "Three Continents Championship"]
[Site "SchemingMind.com"]
[Date "2013.01.10"]
[Round "-"]
[White "Jorge Anibal DEKMAK"]
[Black "Olli Ylönen"]
[Result "1-0"]
[WhiteCountry "ARG"]
[BlackCountry "FIN"]
[WhiteElo "2383"]
[WhiteRD "92"]
[BlackElo "1812"]
[BlackRD "55"]
[GameID "324822"]

1. e4 e5 2. Nf3 Nc6 3. Bb5 a6 4. Ba4 Nf6 5. Nc3 Bc5 6. d3 d6 7. Bg5 h6 8. Bxf6 Qxf6 9. Nd5 Qd8 10. c3 b5
11. Bc2 O-O 12. O-O Ne7 13. Nxe7+ Qxe7 14. d4 Bb6 15. dxe5 dxe5 16. Qd5 Be6 17. Qxe5 Rfe8 18. Rfe1 Rad8 19. Qg3 c5 20. e5 c4
21. Rad1 Rxd1 22. Rxd1 Rd8 23. Nd4 Bd5 24. Nf5 Qg5 25. Qxg5 hxg5 26. Rxd5 Rxd5 27. Ne7+
1-0

[Event "Three Continents Championship"]
[Site "SchemingMind.com"]
[Date "2013.01.10"]
[Round "-"]
[White "Jorge Anibal DEKMAK"]
[Black "Ezedoke"]
[Result "0-1"]
[WhiteCountry "ARG"]
[BlackCountry "ARG"]
[WhiteElo "2334"]
[WhiteRD "82"]
[BlackElo "2377"]
[BlackRD "67"]
[GameID "324823"]

1. e4 c5 2. Nf3 Nc6 3. d4 cxd4 4. Nxd4 Nf6 5. Nc3 e5 6. Ndb5 d6 7. Bg5 a6 8. Na3 b5 9. Nd5 Be7 10. Bxf6 Bxf6
11. c3 Rb8 12. Nc2 O-O 13. Be2 Bg5 14. O-O Be6 15. Qd3 a5 16. Rfd1 b4 17. c4 Qd7 18. Qg3 Qd8 19. Bg4 g6 20. b3 Rb7
21. c5 h5 22. Bh3 h4 23. Qf3 Bxh3 24. Qxh3 dxc5 25. Ndxb4 Nd4 26. Nxd4 cxd4 27. Nd3 Qe7 28. g3 Rc7 29. f4 exf4 30. gxf4 Bh6
31. e5 Rfc8 32. Rf1 Rc2 33. Rf2 R8c3 34. Qg4 Rxf2 35. Nxf2 Rc2 36. Nd3 Rd2 37. Nf2 d3 38. Rf1 Rxa2 39. Nxd3 Qa7+ 40. Nf2 a4
41. bxa4 Rxa4 42. e6 Rxf4 43. exf7+ Qxf7 44. Qe2 Bg7 45. Nh3 Bd4+ 46. Kg2 Qb7+ 47. Rf3 Rf5 48. Qd3 Kh7 49. Qe2 Rb5 50. Qd3 Rb2+
51. Kh1 Kh6
0-1

[Event "Three Continents Championship"]
[Site "SchemingMind.com"]
[Date "2013.01.11"]
[Round "-"]
[White "Oskyrain"]
[Black "Jorge Anibal DEKMAK"]
[Result "1/2-1/2"]
[WhiteCountry "ARG"]
[BlackCountry "ARG"]
[WhiteElo "2475"]
[WhiteRD "83"]
[BlackElo "2284"]
[BlackRD "86"]
[GameID "324824"]

1. d4 Nf6 2. c4 e6 3. Nc3 Bb4 4. Qc2 O-O 5. a3 Bxc3+ 6. Qxc3 b6 7. Bg5 Bb7 8. e3 d6 9. f3 Nbd7 10. Bd3 c5
11. Ne2 Rc8 12. O-O h6 13. Bh4 cxd4 14. exd4 b5 15. c5 dxc5 16. Bxb5 Qb6 17. Bxd7 Nxd7 18. Bf2 Qb5 19. Rfe1 c4 20. Rac1 Nb6
21. Qc2 Qb3 22. Nc3 Qxc2 23. Rxc2 Bc6 24. h4 Rfd8 25. Ne4 Ba4 26. Rcc1 Bb3 27. h5 Na4 28. Re2 Rb8 29. g4 Nb6 30. Kh2 Rbc8
31. Kg3 a5 32. Be3 Nd5 33. Bd2 a4 34. Ba5 Rd7 35. Nc5 Rd6 36. Re5 Ra8 37. Bd2 Rb8 38. Re4 Rc8 39. Bc3 Nf6 40. Re2 Rd5
41. Rce1 Rb8 42. f4 Rbd8 43. Kh4 Nd7 44. Ne4 Nb8 45. Nd2 Nc6 46. Nf3 Rb5 47. f5 exf5 48. g5 Kf8 49. gxh6 gxh6 50. Bd2 f4
51. Bxf4 Kg7 52. Rg2+ Kh7 53. Reg1 Rf5 54. Rg4 Rf8 55. d5 Rxd5 56. Rg7+ Kh8 57. Bxh6 Nd4 58. Nxd4 Rxd4+ 59. R7g4 Rxg4+ 60. Rxg4 Re8
61. Bg7+=
1/2-1/2

[Event "Three Continents Championship"]
[Site "SchemingMind.com"]
[Date "2013.01.10"]
[Round "-"]
[White "Derek Price"]
[Black "Jorge Anibal DEKMAK"]
[Result "1/2-1/2"]
[WhiteCountry "ENG"]
[BlackCountry "ARG"]
[WhiteElo "2263"]
[WhiteRD "74"]
[BlackElo "2340"]
[BlackRD "103"]
[GameID "324825"]

1. d4 Nf6 2. c4 e6 3. g3 d5 4. Bg2 Be7 5. Nf3 O-O 6. O-O dxc4 7. Qc2 a6 8. Qxc4 b5 9. Qc2 Bb7 10. Bd2 Be4
11. Qc1 Bb7 12. Bf4 Bd6 13. Nc3 Nbd7 14. Rd1 Qb8 15. Ne5 Bxg2 16. Kxg2 Nb6 17. f3 c5 18. dxc5 Bxe5 19. cxb6 Bxf4 20. Qxf4 Qxb6
21. Qd6 Qxd6 22. Rxd6 Rfd8=
1/2-1/2

[Event "Three Continents Championship"]
[Site "SchemingMind.com"]
[Date "2013.01.13"]
[Round "-"]
[White "smothered mate"]
[Black "Jorge Anibal DEKMAK"]
[Result "0-1"]
[WhiteCountry "POL"]
[BlackCountry "ARG"]
[WhiteElo "1979"]
[WhiteRD "59"]
[BlackElo "2334"]
[BlackRD "82"]
[GameID "324826"]

1. e4 e5 2. Nf3 Nf6 3. Nxe5 d6 4. Nf3 Nxe4 5. d4 d5 6. Bd3 Nc6 7. O-O Be7 8. c4 Nb4 9. cxd5 Nxd3 10. Qxd3 Qxd5
11. Re1 Bf5 12. g4 Bg6 13. Nc3 Nxc3 14. Qxc3 f6 15. Qxc7 Qd7 16. Bf4 Qxc7 17. Bxc7 Kd7 18. d5 Bb4 19. Rec1 Rac8 20. Bg3 h5
21. g5 Be4 22. Nd4 fxg5 23. h4 gxh4 24. Bxh4 Rxc1+ 25. Rxc1 g5 26. Bg3 Rc8 27. Nc6 bxc6 28. Rc4 cxd5 29. Rxb4 Rc1+
0-1

[Event "Three Continents Championship"]
[Site "SchemingMind.com"]
[Date "2013.01.10"]
[Round "-"]
[White "jrsanpedro"]
[Black "Jorge Anibal DEKMAK"]
[Result "0-1"]
[WhiteCountry "ARG"]
[BlackCountry "ARG"]
[WhiteElo "2177"]
[WhiteRD "61"]
[BlackElo "2383"]
[BlackRD "92"]
[GameID "324827"]

1. e4 e5 2. f4 exf4 3. Nf3 g5 4. h4 g4 5. Ne5 Nf6 6. d4 d6 7. Nd3 Nxe4 8. Bxf4 Bg7 9. c3 O-O 10. Be2 Re8
11. g3 c5 12. dxc5 dxc5 13. O-O Nc6 14. Nd2 Nxd2 15. Bxd2 c4 16. Nf2 Qb6 17. Bxg4 Qxb2 18. Rb1 Qxa2 19. Bxc8 Raxc8 20. Rxb7 Qa6
21. Qb1 Re7 22. Rxe7 Nxe7 23. Qe4 Qd6 24. Bf4 Qe6
0-1

[Event "Three Continents Championship"]
[Site "SchemingMind.com"]
[Date "2013.01.10"]
[Round "-"]
[White "Aadsje"]
[Black "Jorge Anibal DEKMAK"]
[Result "1-0"]
[WhiteCountry "NED"]
[BlackCountry "ARG"]
[WhiteElo "2262"]
[WhiteRD "64"]
[BlackElo "2285"]
[BlackRD "83"]
[GameID "324828"]

1. d4 Nf6 2. Nf3 e6 3. e3 d5 4. Bd3 c5 5. b3 Nc6 6. O-O Bd6 7. Bb2 O-O 8. c4 b6 9. Nc3 Bb7 10. cxd5 exd5
11. dxc5 bxc5 12. Rc1 d4 13. Nb5 Be7 14. exd4 a6 15. Nc3 cxd4 16. Ne2 Nb4 17. Nexd4 Nxa2 18. Ra1 Nb4 19. Bc4 Ng4 20. Qe1 a5
21. Ne6 Qb8 22. h3 Bf6 23. Bxf6 Nxf6 24. Nxf8 Bxf3 25. gxf3 Nc2 26. Qe7 Ra7 27. Qc5 Nxa1 28. Rxa1 Rb7 29. Ne6 fxe6 30. Bxe6+ Kh8
31. Rxa5 h6 32. Ra6 Qe8 33. Rc6 Rb8 34. b4 Nd7 35. Bxd7 Qxd7 36. Kg2 Rd8 37. b5 Qd5 38. b6 Qxc5 39. Rxc5 Rb8 40. Rc6
1-0

[Event "Three Continents Championship"]
[Site "SchemingMind.com"]
[Date "2013.01.10"]
[Round "-"]
[White "rookie31"]
[Black "Jorge Anibal DEKMAK"]
[Result "0-1"]
[WhiteCountry "IND"]
[BlackCountry "ARG"]
[WhiteElo "2176"]
[WhiteRD "59"]
[BlackElo "2334"]
[BlackRD "82"]
[GameID "324829"]

1. d4 Nf6 2. c4 e6 3. Nf3 d5 4. Nc3 c6 5. e3 Nbd7 6. Bd3 dxc4 7. Bxc4 b5 8. Bd3 Bb7 9. a3 b4 10. axb4 Bxb4
11. O-O c5 12. Qe2 O-O 13. Rd1 Qb8 14. e4 cxd4 15. Nxd4 Bd6 16. h3 Rd8 17. Bb5 Nc5 18. Bg5 a6 19. Bxf6 gxf6 20. Bc4 Be5
21. Nb3 Rxd1+ 22. Rxd1 Nxb3 23. Bxb3 Qf8 24. Bc4 a5 25. Ra1 Kh8 26. Qc2 Qc5 27. Bd3 Rd8 28. Rd1 Rb8 29. Ra1 Rg8 30. Kh1 f5
31. Ra4 Bb8
0-1

[Event "Three Continents Championship"]
[Site "SchemingMind.com"]
[Date "2013.01.13"]
[Round "-"]
[White "GBEDARD"]
[Black "Jorge Anibal DEKMAK"]
[Result "1/2-1/2"]
[WhiteCountry "USA"]
[BlackCountry "ARG"]
[WhiteElo "2279"]
[WhiteRD "67"]
[BlackElo "2334"]
[BlackRD "82"]
[GameID "324830"]

1. e4 e5 2. Nf3 Nf6 3. Nxe5 d6 4. Nf3 Nxe4 5. d4 d5 6. Bd3 Nc6 7. O-O Be7 8. c4 Nb4 9. Be2 O-O 10. Nc3 Be6
11. Ne5 f6 12. Nf3 Kh8 13. Re1 c5 14. cxd5 Nxc3 15. bxc3 Nxd5 16. Bd2 Bd6 17. Bd3 Qd7 18. Nh4 g6 19. Qe2 Bg4 20. f3 Rfe8
21. Qf1 Rxe1 22. Rxe1 Be6 23. c4 Nb4 24. d5 Bf7 25. a3 Nxd3 26. Qxd3 Kg8 27. g3 b5 28. Bc3 bxc4 29. Qxc4 Bf8 30. Rd1 Qd6
31. Ng2 Bg7 32. Ne3 Re8 33. Kf2 Qb6 34. Rd2 Qd6 35. Qa4 a6 36. f4 h5 37. Rd3 Rf8 38. Nc4 Qe7 39. Qxa6 Qe4 40. Nd6 Qh1
41. Nxf7 Qxh2+ 42. Kf3 Rxf7 43. Qe6 g5 44. d6 g4+ 45. Ke3 Qxg3+ 46. Ke2 Qg2+ 47. Ke1 Qg1+ 48. Kd2 Qf2+ 49. Kd1 Qf1+ 50. Kc2 Qg2+
51. Kd1=
1/2-1/2